Loading...
| Fine Arts - Classical Music | 6 | 13.33 | 4,550% | 283% | 300% |
| Fine Arts - Other | 7 | 12.86 | 2,986% | 200% | 500% |
| Fine Arts - Painting & Sculpture | 4 | 15.00 | 5,650% | 450% | 200% |
| History - American | 3 | 16.67 | 1,200% | 533% | 467% |
| History - European | 4 | 15.00 | 3,625% | 675% | 200% |
| History - Other | 4 | 7.50 | 0% | 225% | 425% |
| History - World | 6 | 10.00 | 2,417% | 133% | 417% |
| Literature - American | 3 | 10.00 | 3,900% | 0% | 300% |
| Literature - British | 6 | 13.33 | 2,417% | 383% | 417% |
| Literature - European | 4 | 22.50 | 4,525% | 575% | 525% |
| Literature - World | 8 | 7.50 | 2,825% | 100% | 175% |
| Mythology | 2 | 15.00 | 4,050% | 0% | 900% |
| Other | 3 | 20.00 | 5,400% | 567% | 567% |
| Philosophy | 1 | 10.00 | 0% | 800% | 0% |
| Religion | 5 | 10.00 | 2,900% | 340% | 180% |
| Science - Biology | 7 | 11.43 | 0% | 329% | 629% |
| Science - Chemistry | 3 | 16.67 | 4,833% | 300% | 533% |
| Science - Other | 3 | 13.33 | 2,133% | 267% | 567% |
| Science - Physics | 3 | 13.33 | 4,833% | 0% | 567% |
| Social Science | 4 | 12.50 | 3,625% | 200% | 425% |